Đánh giá đa dạng phẩm chất các giống mít ở Đồng bằng sông Cửu Long : Báo cáo kết quả nghiên cứu khoa học đề tài cấp trường
Đề tài đánh giá đa dạng phẩm chất, đa dạng di truyền các giống mít và tìm ra được cây đầu dòng có phẩm chất tốt
שמור ב:
| מחבר ראשי: | |
|---|---|
| פורמט: | ספר |
| שפה: | Undetermined |
| יצא לאור: |
Cần Thơ
Trường Đại học Cần Thơ
2010
|
| נושאים: | |
| תגים: |
הוספת תג
אין תגיות, היה/י הראשונ/ה לתייג את הרשומה!
|
| Thư viện lưu trữ: | Trung tâm Học liệu Trường Đại học Cần Thơ |
|---|
| LEADER | 00996nam a2200229Ia 4500 | ||
|---|---|---|---|
| 001 | CTU_164962 | ||
| 008 | 210402s9999 xx 000 0 und d | ||
| 082 | |a 634.6 | ||
| 082 | |b L305 | ||
| 088 | |a T2009-31 | ||
| 100 | |a Quan, Thị Ái Liên | ||
| 245 | 0 | |a Đánh giá đa dạng phẩm chất các giống mít ở Đồng bằng sông Cửu Long : | |
| 245 | 0 | |b Báo cáo kết quả nghiên cứu khoa học đề tài cấp trường | |
| 245 | 0 | |c Quan Thị Ái Liên (Chủ nhiệm đề tài) | |
| 260 | |a Cần Thơ | ||
| 260 | |b Trường Đại học Cần Thơ | ||
| 260 | |c 2010 | ||
| 520 | |a Đề tài đánh giá đa dạng phẩm chất, đa dạng di truyền các giống mít và tìm ra được cây đầu dòng có phẩm chất tốt | ||
| 650 | |a Fruit trees,Cây ăn quả | ||
| 904 | |i Thoa, Hải | ||
| 915 | |a NN | ||
| 980 | |a Trung tâm Học liệu Trường Đại học Cần Thơ | ||